000 00424nam a22001697a 4500
005 20180313115458.0
008 160503b xxu||||| |||| 00| 0 eng d
020 _a81-2590942-7
041 _aeng
082 _b1123
_a332.6
100 _aRaman V.N.S.
_9358
245 _aInvestment Principles and Techniques.
260 _bVikas Publishing house Pvt. Ltd.
_c2001
300 _a461
650 _aManagement
_9241
942 _cBK
999 _c432
_d432